Ley Federal de Proteccin̤ de Datos Personales en posesin̤ de los particulares

Detalles Bibliográficos
Autor principal: Feregrino Toris, Erika Gabriela
Formato: eBook
Lenguaje:español
Publicado: Mx̌ico D.F. : Ediciones Fiscales ISEF, 2012
Materias:
Acceso en línea:http://www.vlex.com/source/11011

MARC

LEADER 00000nam a22000007a 4500
005 20130405144901.0
007 cr|||| ||||
008 130405e2012 mx |||||s|||| 00||0 spa d
020 |a 978-607-406-393-6 
035 |a 11011 
040 |a vLex 
090 |c 4146  |d 4146 
100 1 0 |a Feregrino Toris, Erika Gabriela  
245 1 0 |a Ley Federal de Proteccin̤ de Datos Personales en posesin̤ de los particulares  |c / Erika Gabriela Feregrino Toris   |h [Recurso electrn̤ico] 
256 |a Servicio en ln̕ea 
260 |a Mx̌ico D.F. :  |b Ediciones Fiscales ISEF,   |c 2012 
300 |a 1 Recurso electrn̤ico 
506 |a Contenido solo disponible en los productos indicados  |d vLex Global  |d vLex Global (Academic Edition, excluding Law Schools)  |d vLex Global (U.S. Academic Edition, Law Schools)  |d vLex Global (U.S. Academic Edition, excluding Law Schools)  |d vLex Global (Academic Edition, Law Schools) 
650 0 4 |a Proteccin̤ de datos  |z Mx̌ico 
650 0 4 |a Derecho de las nuevas tecnologa̕s  |z Mx̌ico 
740 |a vLex Libros (Servicio en ln̕ea) 
856 |a Acceso restringido  |u http://www.vlex.com/source/11011 
942 |c BOOK